000 00702nam a2200241Ia 4500
003 OSt
005 20220925235331.0
006 a|||||r|||| 00| 0
007 ta
008 220923b |||||||| |||| 00| 0 eng d
020 _a9788189524500
_c25
037 _b876, 12/03/2013, Pranami Book Service
_cGeneral Book
040 _aRTL
_cRTL
_beng
041 _2eng
_aeng
082 _aY73(Q2), Q0
100 _aTHAPAR Romila
245 0 _aSyndicated Hinduism.
260 _a New Delhi
_bCritical Quest
_c2010
300 _a32p.
_ccm.
650 _aSociology
942 _hY73(Q2), Q0
_cGB
_2CC
999 _c597178
_d597178